गब्बास रहा हूँ : (Record no. 209630)
[ view plain ]
| 000 -LEADER | |
|---|---|
| fixed length control field | 00819nam a22001817a 4500 |
| 005 - DATE AND TIME OF LATEST TRANSACTION | |
| control field | 20250521104521.0 |
| 010 ## - LCCN (DPL NO) | |
| LC control number | HIN-129471 |
| 020 ## - INTERNATIONAL STANDARD BOOK NUMBER | |
| Terms of availability | 600.00 |
| International Standard Book Number | 9789355522368 |
| 035 ## - SYSTEM CONTROL NUMBER | |
| System control number | HN-101817 |
| 037 ## - SOURCE OF ACQUISITION | |
| Source of stock number/acquisition | DBAD |
| 082 ## - DEWEY DECIMAL CLASSIFICATION NUMBER | |
| Classification number | 821 |
| 100 ## - MAIN ENTRY--PERSONAL NAME | |
| Personal name | 'नीरव' नेकराम |
| 245 ## - TITLE STATEMENT | |
| Title | गब्बास रहा हूँ : |
| Statement of responsibility, etc | नेकराम 'नीरव' |
| Remainder of title | उर्दू गजल संग्रह / |
| 260 ## - PUBLICATION, DISTRIBUTION, ETC. (IMPRINT) | |
| Place of publication, distribution, etc | आगरा |
| Name of publisher, distributor, etc | निखिल पब्लिशर्स एण्ड डिस्ट्रीब्यूटर्स |
| Date of publication, distribution, etc | 2022 |
| 270 ## - ADDRESS | |
| Address | 37, शिवराम कृपा विष्णु कॉलोनी शाहगंज , |
| City | आगरा |
| Postal code | 10 |
| 300 ## - PHYSICAL DESCRIPTION | |
| Extent | 128पृ. |
| Dimensions | 27सेमी. (सजिल्द) |
| 942 ## - ADDED ENTRY ELEMENTS (KOHA) | |
| Source of classification or shelving scheme | Dewey Decimal Classification |
| Item type | Hindi Books |
| Classification part | 821 |
| Call number suffix | नेकरा |
| Withdrawn status | Lost status | Not for loan | Collection code | Home library | Current library | Date acquired | Source of acquisition | Cost, normal purchase price | Full call number | Barcode | Copy number | Cost, replacement price | Koha item type |
|---|---|---|---|---|---|---|---|---|---|---|---|---|---|
| Non-fiction | Janak Puri | Janak Puri | 21/02/2025 | DBAD | 600.00 | 821 नेकर | HN-101817 | 1 | 600.00 | Hindi Books |
